00589nam a22001937a 450000500170000001000130001702000260003003500170005603500130007303500130008603700250009908200060012410000200013024500840015026000340023427000790026830000280034749000200037520170421102712.0 aBAC-CH25 a9789383331123c175.00 aB-548660-694 aB-667435 aG-003122 aDPLbBookwell/vendor aS aSharma, Natasha aAshoka and the muddled messages /cby Natasha Sharma; illustrated by Tanvi Bhat aChennaibDuckbill booksc2014 a61 Silverline Building, Alapakkam Main Road,bMaduravoyal, Chennaie600095 a72p.bill.c18cm. (pbk) aHistory mystery